Catálogo - Centro de Recursos para el Aprendizaje y la Investigación

Volver al Sitio - CRAI Biblioteca

La viña de Naboth (Naboth's vineyard) la República Dominicana 1844-1924 / (Registro nro. 113687)

Detalles MARC
000 -CABECERA
campo de control de longitud fija 01688nam a2200301 4500
001 - NÚMERO DE CONTROL
campo de control 113687
003 - IDENTIFICADOR DEL NÚMERO DE CONTROL
campo de control DR-UNIBE
005 - FECHA Y HORA DE LA ÚLTIMA TRANSACCIÓN
campo de control 20260324062607.0
008 - DATOS DE LONGITUD FIJA--INFORMACIÓN GENERAL
campo de control de longitud fija 250527b1987 dr ||||| |||| 00| 0 spa d
020 ## - NÚMERO INTERNACIONAL ESTÁNDAR DEL LIBRO
Número Internacional Estándar del Libro 84000052
040 ## - FUENTE DE LA CATALOGACIÓN
Centro catalogador/agencia de origen BIBLIOTECA UNIBE
Centro/agencia transcriptor BIBLIOTECA UNIBE
Lengua de catalogación spa
Normas de descripción rda
041 ## - CÓDIGO DE LENGUA
Código de lengua del texto/banda sonora o título independiente spa
082 ## - NÚMERO DE LA CLASIFICACIÓN DECIMAL DEWEY
Número de edición 22
Número de clasificación RD 972.9304 W449v 1987
100 #0 - ENTRADA PRINCIPAL--NOMBRE DE PERSONA
Nombre de persona Welles, Sumner,
Fechas asociadas al nombre 1892-1961
Forma completa/desarrollada del nombre ( Welles ,Benjamin Sumner)
Término indicativo de función/relación autor
9 (RLIN) 124530
245 13 - MENCIÓN DE TÍTULO
Título La viña de Naboth (Naboth's vineyard) la República Dominicana 1844-1924 /
Mención de responsabilidad, etc. Sumner Welles ; prólogo y traducción: Manfredo A. Moore
250 ## - MENCIÓN DE EDICIÓN
Mención de edición Quinta edición
260 ## - PUBLICACIÓN, DISTRIBUCIÓN, ETC.
Lugar de publicación, distribución, etc. Santo Domingo :
Nombre del editor, distribuidor, etc. Editora Taller,
Fecha de publicación, distribución, etc. 1987
300 ## - DESCRIPCIÓN FÍSICA
Extensión tomos
Dimensiones 20 x 13 cm
490 ## - MENCIÓN DE SERIE
Mención de serie Biblioteca Taller ;
Designación de volumen o secuencia 10
500 ## - NOTA GENERAL
Nota general Biblioteca tiene tomo II, Portada interna facsímil de la publicada en 1939 por Editorial El Diario de Santiago
505 ## - NOTA DE CONTENIDO CON FORMATO
Nota de contenido con formato Tomo II.<br/>La reacción liberal |<br/>El corolario de Roosevelt a la doctrina de Monroe |<br/>El triunfo del gobierno constitucional y la vuelta a la anarquía | <br/>La sombra de la cercana intervención |<br/>La intervención militar americana |<br/> Un gobierno militar de los Estados Unidos en la República Dominicana |<br/>La Aurora de una nueva era |<br/>Reflexiones y conclusiones |<br/>Apéndice y bibliografía
651 #7 - PUNTO DE ACCESO ADICIONAL DE MATERIA--NOMBRE GEOGRÁFICO
Fuente del encabezamiento o término lemb
Nombre geográfico República Dominicana
Subdivisión general Historia
Subdivisión cronológica Ocupación Norteameicana 1916-1924
9 (RLIN) 195955
651 #7 - PUNTO DE ACCESO ADICIONAL DE MATERIA--NOMBRE GEOGRÁFICO
Nombre geográfico República Dominicana
Subdivisión general Historia
Subdivisión cronológica 1844-1824
9 (RLIN) 195956
651 #7 - PUNTO DE ACCESO ADICIONAL DE MATERIA--NOMBRE GEOGRÁFICO
Nombre geográfico República Dominicana
Subdivisión general Relaciones exteriores
Subdivisión geográfica Estados Unidos
9 (RLIN) 195957
651 #7 - PUNTO DE ACCESO ADICIONAL DE MATERIA--NOMBRE GEOGRÁFICO
Nombre geográfico Estados Unidos
Subdivisión general Relaciones exteriores
Subdivisión geográfica República Dominicana
9 (RLIN) 195958
700 #0 - PUNTO DE ACCESO ADICIONAL--NOMBRE DE PERSONA
Nombre de persona Moore, Manfredo A.,
Fechas asociadas al nombre 1905-1990
Término indicativo de función/relación traductor
9 (RLIN) 48705
942 ## - ELEMENTOS DE PUNTO DE ACCESO ADICIONAL (KOHA)
Fuente del sistema de clasificación o colocación Sistema de Clasificación Decimal Dewey
Tipo de ítem Koha Libro (general)
Existencias
Estado de retiro Estado de pérdida Fuente del sistema de clasificación o colocación No para préstamo Código de colección Localización permanente Fecha de adquisición Total de préstamos Signatura topográfica completa Código de barras Fecha visto por última vez Número de copia Precio válido a partir de Tipo de ítem Koha
  Disponible Sistema de Clasificación Decimal Dewey   General - Libros dominicanos Biblioteca Central UNIBE 08/04/2025   RD 972.9304 W449v 1987 250606 27/05/2025 Ej. 1 27/05/2025 Libro (general)